000 00814nam a2200253Ia 4500
003 OSt
005 20220918170852.0
006 a|||||r|||| 00| 0
007 ta
008 220917b |||||||| |||| 00| 0 eng d
020 _a9780748674536 (pbk)
_c2342.80
024 _a285,404
037 _b12155, 17/03/2015, Elite Publishers Distributors
_cTextual
040 _aARTS
_cARTS
_beng
041 _2eng
_aeng
082 _aO111,6x, Q4
100 _aBenson Stephen Ed.
_931836
245 0 _aCreative criticism
_b An anthology and guide
260 _aEdinburgh
_bEdinburgh University Press
_c2014
300 _ax,296p.
_ccm.
650 _aENGLISH LITERATURE
942 _hO111,6x, Q4
_cTEXL
_2CC
999 _c136348
_d136348